Abe Lincoln at last! (Record no. 804)

MARC details
000 -LEADER
fixed length control field 01115cam a2200325 a 4500
005 - DATE AND TIME OF LATEST TRANSACTION
control field 20260311092309.0
020 ## - INTERNATIONAL STANDARD BOOK NUMBER
International Standard Book Number 9780545689496
040 ## - CATALOGING SOURCE
Original cataloging agency DLC
Transcribing agency DLC
Modifying agency DLC
Language of cataloging eng
050 00 - LIBRARY OF CONGRESS CALL NUMBER
Classification number PZ7.O81167
Item number Ab 2011
082 00 - DEWEY DECIMAL CLASSIFICATION NUMBER
Classification number Fic
Edition number 23
100 1# - MAIN ENTRY--PERSONAL NAME
Personal name Osborne, Mary Pope.
245 10 - TITLE STATEMENT
Title Abe Lincoln at last!
Statement of responsibility, etc. by Mary Pope Osborne ; illustrated by Sal Murdocca.
250 ## - EDITION STATEMENT
Edition statement First scholastic printing, January 2014
260 ## - PUBLICATION, DISTRIBUTION, ETC.
Place of publication, distribution, etc. New York :
Date of publication, distribution, etc. 2011
300 ## - PHYSICAL DESCRIPTION
Extent 114 pages :
Other physical details illustrations ;
Dimensions 20 cm
490 0# - SERIES STATEMENT
Series statement Magic tree house
Volume/sequential designation Book 47
500 ## - GENERAL NOTE
General note "A Merlin Mission."
505 ## - FORMATTED CONTENTS NOTE
Formatted contents note I <br/>
520 ## - SUMMARY, ETC.
Summary, etc. The magic tree house whisks Jack and Annie to Washington D.C. in the 1860s where they meet Abraham Lincoln and collect a feather that will help break a magic spell.
521 ## - TARGET AUDIENCE NOTE
Target audience note 470 <br/>
Source Lexile <br/>
521 ## - TARGET AUDIENCE NOTE
Target audience note I <br/>
Source Raz-Plus <br/>
650 #1 - SUBJECT ADDED ENTRY--TOPICAL TERM
Topical term or geographic name entry element Time travel
Form subdivision Fiction.
650 #1 - SUBJECT ADDED ENTRY--TOPICAL TERM
Topical term or geographic name entry element Magic
Form subdivision Fiction.
650 #1 - SUBJECT ADDED ENTRY--TOPICAL TERM
Topical term or geographic name entry element Siblings
Form subdivision Fiction.
650 #1 - SUBJECT ADDED ENTRY--TOPICAL TERM
Topical term or geographic name entry element Presidents
General subdivision Family
Form subdivision Fiction.
700 1# - ADDED ENTRY--PERSONAL NAME
Personal name Murdocca, Sal
Relator term illustrator
906 ## - LOCAL DATA ELEMENT F, LDF (RLIN)
a 7
b cip
c orignew
d 1
e ecip
f 20
g y-gencatlg
942 ## - ADDED ENTRY ELEMENTS (KOHA)
Source of classification or shelving scheme Dewey Decimal Classification
Koha item type Books
Suppress in OPAC No
999 ## -
-- 804
-- 804
Holdings
Withdrawn status Lost status Source of classification or shelving scheme Damaged status Not for loan Collection Home library Current library Shelving location Date acquired Total Checkouts Full call number Barcode Date last seen Date last checked out Copy number Price effective from Koha item type
    Dewey Decimal Classification     Juvenile Fiction Footprints International School Library Network Toul Tom Poung Campus Footprints International School Library Network Toul Tom Poung Campus TTP Primary Dark Blue Bookshelves 07/10/2023 2 OSB Fic PZ7.O81167 FISBK00121 03/11/2026 01/21/2026 1 07/10/2023 Books